000 00715nam a2200289Ia 4500
005 20260324123229.0
008 008 260324s9999 xx 000 0 eng d
020 _a9781315655307
037 _aEBOOK
040 _aCRL
040 _beng
040 _cCRL
041 _2eng
041 _aeng
084 _qCRL
100 _aDavid Burrow; Scott Brueninger
_91169528
245 0 _aSociability and Cosmopolitanism
245 0 _bSocial Bonds on the Fringes of the Enlightenment
260 _bTaylor and Francis
260 _c2012
365 _a
365 _b240
856 _uhttp://www.taylorfrancis.com/books/9781315655307
942 _cEBOOK
999 _c1762857
_d1762857